000 00285nam a2200121Ia 4500
005 20251222143139.0
008 251222s9999||||xx |||||||||||||| ||spa||
020 _a9972-9301-0-6
082 _a158.1/S27
100 _aSay, Bernardo
245 0 _aEstrategia para la Vida:
942 _cLIB
999 _c12229
_d12229